Guess the EU Nations - Statistics

General Stats
  • This quiz has been taken 15 times
  • The average score is 22 of 26
Answer Stats
Answer Hint % Correct
Austria
93%
Germany
93%
Italy
93%
Denmark
87%
Estonia
87%
Finland
87%
Finland (The Åland Islands)
87%
France
87%
Greece
87%
Ireland
87%
Lithuania
87%
Luxembourg
87%
Poland
87%
Portugal
87%
Romania
87%
Slovakia
87%
Spain
87%
Sweden
87%
Belgium
80%
Hungary
80%
Latvia
80%
Netherlands
80%
Slovenia
80%
Bulgaria
73%
Cyprus
60%
Malta
60%
No matching quizzes found
Score Distribution
Percent of People with Each Score
Percentile by Number Answered
Your Score History
You have not taken this quiz